مكتبة جامعة عجلون الوطنية

فهرس بحث المكتبة

تدقيق الحسابات، الجزء الثاني / (Record no. 33218)

MARC details
000 -LEADER
fixed length control field 00804nam a22002057a 4500
003 - CONTROL NUMBER IDENTIFIER
control field JO-AjAnu
005 - DATE AND TIME OF LATEST TRANSACTION
control field 20231202120717.0
008 - FIXED-LENGTH DATA ELEMENTS--GENERAL INFORMATION
fixed length control field 231202b jo ||||| |||| 00| 0 ara d
040 ## - CATALOGING SOURCE
Original cataloging agency JO-AjAnu
Language of cataloging ARA
Transcribing agency JO-AjAnu
041 ## - LANGUAGE CODE
Language code of text/sound track or separate title ARA
050 ## - LIBRARY OF CONGRESS CALL NUMBER
Classification number HF5667
-- Q23
-- 2010
100 ## - MAIN ENTRY--PERSONAL NAME
Personal name  القاضي، حسين يوسف
9 (RLIN) 27497
Relator term [مؤلف]
245 00 - TITLE STATEMENT
Title تدقيق الحسابات، الجزء الثاني /
Statement of responsibility, etc. حسين يوسف القاضي، حسين احمد دحدوح، عصام نعمة قريط
260 ## - PUBLICATION, DISTRIBUTION, ETC.
Place of publication, distribution, etc. دمشق :
Name of publisher, distributor, etc. جامعة دمشق،
Date of publication, distribution, etc. 2010
300 ## - PHYSICAL DESCRIPTION
Extent 570صفحة
650 #0 - SUBJECT ADDED ENTRY--TOPICAL TERM
Topical term or geographic name entry element الحسابات- تدقيق
9 (RLIN) 64585
700 #1 - ADDED ENTRY--PERSONAL NAME
Personal name دحدوح، حسين احمد
9 (RLIN) 64575
Relator term [مؤلف مشارك]
700 #1 - ADDED ENTRY--PERSONAL NAME
Personal name قريط، عصام نعمة
9 (RLIN) 64590
Relator term [مؤلف مشارك]
942 ## - ADDED ENTRY ELEMENTS (KOHA)
Source of classification or shelving scheme Library of Congress Classification
Koha item type Books
Suppress in OPAC No
Holdings
Withdrawn status Lost status Source of classification or shelving scheme Materials specified (bound volume or other part) Damaged status Not for loan Home library Current library Date acquired Total Checkouts Full call number Barcode Date last seen Price effective from Koha item type
    Library of Congress Classification الجزء الثاني     مكتبة جامعة عجلون الوطنية مكتبة جامعة عجلون الوطنية 02/12/2023   HF5667.Q23.2010 A29510 02/12/2023 02/12/2023 Books